000 00475nam a2200181Ia 4500
001 22668
005 20260414150846.0
008 260414t2010||||xx |||||||||||||| ||spa||
041 _aESP
082 _a621.384
_bG67
100 _aGonzáles Bernaldo de Quirós, Julio
_eAUT
245 0 _aLocalización aeronáutica :
_brayaduras, radar y G.P.S.
260 _c2010
300 _aix, 249 páginas :
_c24 cm.
650 _aTCA
654 _aCET
942 _cLIB
_dJUS
_fJUS
_2ddc
_n
999 _c22668
_d22668